IFM Opac

The Lending Banker: A Review of the Principles of Bank Lending Unsecured Advances and Balance Sheets and the Banker (Record no. 6701)

MARC details
000 -LEADER
fixed length control field 00578nam a2200193Ia 4500
003 - CONTROL NUMBER IDENTIFIER
control field OSt
005 - DATE AND TIME OF LATEST TRANSACTION
control field 20220830090903.0
008 - FIXED-LENGTH DATA ELEMENTS--GENERAL INFORMATION
fixed length control field 220830b |||||||| |||| 00| 0 eng d
020 ## - INTERNATIONAL STANDARD BOOK NUMBER
International Standard Book Number 0900791489
040 ## - CATALOGING SOURCE
Transcribing agency IFM Library
082 ## - DEWEY DECIMAL CLASSIFICATION NUMBER
Classification number 332.6
100 ## - MAIN ENTRY--PERSONAL NAME
Personal name Mather, L.C.
9 (RLIN) 2510
245 ## - TITLE STATEMENT
Title The Lending Banker: A Review of the Principles of Bank Lending Unsecured Advances and Balance Sheets and the Banker
260 ## - PUBLICATION, DISTRIBUTION, ETC.
Place of publication, distribution, etc. London:
Name of publisher, distributor, etc. Waterlow
Date of publication, distribution, etc. 1979
300 ## - PHYSICAL DESCRIPTION
Extent 284p.: ill.; 21cm
500 ## - GENERAL NOTE
General note Includes Index
650 ## - SUBJECT ADDED ENTRY--TOPICAL TERM
Topical term or geographic name entry element SecuritiesBanks and banking
9 (RLIN) 5815
942 ## - ADDED ENTRY ELEMENTS (KOHA)
Koha item type Books
Source of classification or shelving scheme Dewey Decimal Classification
Suppress in OPAC No
Holdings
Withdrawn status Lost status Source of classification or shelving scheme Damaged status Not for loan Collection code Home library Current library Shelving location Date acquired Source of acquisition Full call number Barcode Date last seen Price effective from Koha item type
    Dewey Decimal Classification     Non-fiction IFM Main Campus Library IFM Main Campus Library General Collection 08/30/2022 purchase 332.6 MAT 0000005308 05/15/2015 02/19/2022 Books